The Marías - Heavy - Statistics

General Stats
  • This quiz has been taken 90 times
  • The average score is 148 of 203
Answer Stats
Answer % Correct
heavy
98%
i
98%
me
94%
a
92%
i'm
92%
be
88%
cause
86%
don't
86%
like
86%
ne
86%
the
86%
in
84%
what
84%
get
82%
to
82%
loser
80%
my
80%
need
80%
can
78%
tell
78%
wanna
76%
want
76%
your
76%
another
74%
someone
74%
could
72%
even
72%
fine
72%
is
72%
it's
72%
life
72%
love
72%
under
72%
lost
70%
side
70%
with
70%
alone
68%
done
68%
just
68%
water
68%
by
66%
alright
64%
color
64%
have
64%
know
64%
at
62%
covers
62%
door
62%
forget
62%
inside
62%
tongue
62%
banging
60%
telling
60%
underneath
60%
covered
56%
head
54%
no
54%
sleep
54%
anymore
52%
je
50%
maybe
50%
stay
50%
they
50%
bed
48%
from
48%
living
48%
world
48%
but
44%
far
44%
pretend
44%
when
44%
of
42%
qui
42%
understand
42%
sais
40%
will
40%
pas
38%
est
36%
ici
36%
weight
36%
hands
28%
yeah
28%
No matching quizzes found
Score Distribution
Percent of People with Each Score
Percentile by Number Answered
Your Score History
You have not taken this quiz